|
|
|
|
| LEADER |
00000nam1a2200000 4500 |
| 001 |
72918 |
| 005 |
20250623134519.0 |
| 035 |
|
|
|a (RuTPU)RU\TPU\book\77753
|
| 035 |
|
|
|a RU\TPU\book\6184
|
| 090 |
|
|
|a 72918
|
| 100 |
|
|
|a 20050204d1998 m y0rusy50 ca
|
| 101 |
0 |
|
|a rus
|
| 102 |
|
|
|a RU
|
| 200 |
1 |
|
|a Основы проектирования и оборудование производства полимеров
|e учебное пособие
|f В. М. Сутягин, В. П. Лопатинский, А. А. Ляпков
|g Томский политехнический университет
|
| 210 |
|
|
|a Томск
|c Изд-во ТПУ
|d 1998-2004
|
| 801 |
|
0 |
|a RU
|b 63413507
|c 20011209
|g PSBO
|
| 801 |
|
2 |
|a RU
|b 63413507
|c 20070621
|g PSBO
|
| 850 |
|
|
|a 63413507
|
| 942 |
|
|
|c BK
|